000 00761nas a2200241Ia 4500
001 R002/39564
003 IT-RoPAU
008 151124c99999999xx |||||||||||| ||und||
040 _aIT-RoPAU
040 _cIT-RoPAU
041 _aITALIANO
100 _aCereda Giuseppe
_gCodice Aut. SPICS: 8190
210 _aBIANCO E NERO
222 _aBianco E Nero
245 _aBIANCO E NERO, ANNO 45-N.03-LUGLIO/SETTEMBRE 1984
_bCannes '84: I Margini Stretti Del Cinema
250 _a1a ed.
260 _aROMA
_bGREMESE
_c1984
501 _bPaulus - SPICS - Società San Paolo EM (non-commercial uses only)
_cCopyright2015
300 _a3 p. [97-99]
362 _aANNO 045, N.03-LUGLIO/SETTEMBRE 1984
650 _aCINEMA
_vPUBBLICAZIONE PERIODICA
942 _cCR
999 _c169654
_d169654